| 000 | 00467nam a22001697a 4500 | ||
|---|---|---|---|
| 020 | _a9788126536146 | ||
| 082 |
_a621.4022 _bINC/FU |
||
| 100 |
_aIncropera, Frank P _91285 |
||
| 100 |
_aDewitt,David P. _91286 |
||
| 100 |
_aBergman,Thedore L. _91287 |
||
| 100 |
_aLavine,Adrienne S. _91288 |
||
| 245 | _aFundamentals of Heat and Mass Transfer | ||
| 250 | _a6 th | ||
| 260 |
_aNew Delhi _bWiley India Pvt. Ltd _c2013, 2012 |
||
| 300 | _a925, A-1 to I-13 | ||
| 942 | _cBK | ||
| 999 |
_c13913 _d13913 |
||